Diabetes und ernährung : ein leitfaden für betroffene /

Bibliographic Details
Main Author: Golay, J.
Corporate Authors: Hôpitaux universitaires de Genève, NetLibrary, Inc
Other Authors: Assal, J.-Ph. (Jean-Philippe)
Format: eBook
Language:German
Published: Basel : Karger, [2003]
Subjects:
Online Access:Connect to the full text of this electronic book

MARC

Tag First Indicator Second Indicator Subfields
LEADER 00000cam a2200000Ia 4500
001 in00002033859
005 20220105142028.0
006 m d
007 cr cnu---unuuu
008 031017s2003 sz a sb 000 0 ger d
020 |a 0585471932 (electronic bk.) 
035 |a (OCoLC)ocm53223728 
040 |a N$T  |c N$T  |d OCL  |d UtOrBLW 
049 |a IICN 
050 1 4 |a RC660.4  |b G65 2003eb 
082 0 4 |a 616.462  |2 22 
100 1 |a Golay, J. 
245 1 0 |a Diabetes und ernährung :  |b ein leitfaden für betroffene /  |c A. Golay, J.-Ph. Assal. 
264 1 |a Basel :  |b Karger,  |c [2003] 
264 4 |c ©2003 
300 |a 56 pages :  |b illustrations 
336 |a text  |b txt  |2 rdacontent 
337 |a computer  |b c  |2 rdamedia 
338 |a online resource  |b cr  |2 rdacarrier 
500 |a French edition copyright in 2001 by Editions Médecine & Hygiène. 
500 |a "Hôpitaux universitaires de Genèva, Division d'enseignement thérapeutique pour maladies chroniques." 
504 |a Includes bibliographical references (page 55). 
533 |a Electronic reproduction.  |b Boulder, Colo. :  |c NetLibrary,  |d 2003.  |n Available via World Wide Web.  |n Access may be limited to NetLibrary affiliated libraries. 
500 |a Electronic resource. 
650 0 |a Diabetes.  |0 http://id.loc.gov/authorities/subjects/sh85037456 
650 0 |a Diabetes  |x Nutritional aspects.  |0 http://id.loc.gov/authorities/subjects/sh85037461 
655 7 |a Electronic books.  |2 local 
700 1 |a Assal, J.-Ph.  |q (Jean-Philippe)  |0 http://id.loc.gov/authorities/names/n82262897 
710 2 |a Hôpitaux universitaires de Genève.  |0 http://id.loc.gov/authorities/names/n2001127389 
710 2 |a NetLibrary, Inc.  |0 http://id.loc.gov/authorities/names/no99080690 
776 1 |c Original  |z 3805575807 
856 4 1 |u https://proxy.library.tamu.edu/login?url=http://www.netLibrary.com/urlapi.asp?action=summary&v=1&bookid=91629  |z Connect to the full text of this electronic book  |t 0 
994 |a 92  |b IIC 
999 |a MARS 
999 f f |s b34c9f64-776b-3d81-b20e-580a6b703b11  |i ce961491-8e03-38f6-81e2-3bcc168b3e7f  |t 0 
952 f f |a Texas A&M University  |b College Station  |c Electronic Resources  |d Available Online  |t 0  |e RC660.4 G65 2003eb  |h Library of Congress classification 
998 f f |a RC660.4 G65 2003eb  |t 0  |l Available Online